000 00215 a2200097 4500
001 14696
100 _aChaudhuri N.C
245 _aThe continent of cir
260 _aLondon
_bChatto windus
_c
090 _c11481
_d11481
942 _aNUST-CAE
_cM
_c1649
999 _c249769
_d249769